Sports Quiz

Random Sports or Soccer Quiz

Sunderland AFC Past Kit Manufacturers Quiz Stats

 Plays Quiz not verified by Sporcle

Support Sporcle.
Go Orange.
Score 0/11 Timer 05:00
0 Plays Today
Can you name Sunderlands past kit manufa % Correct
1975-81Umbro
96.5%
2007-Umbro
96.5%
2000-04Nike
96.1%
2005-07Lonsdale
67.8%
1997-00Asics
67.1%
1988-94Hummel
62.7%
2004-05Diadora
59.6%
1983-86Avec
45.1%
1994-97Avec
45.1%
1981-83Le Coq Sportif
42%
1986-88Patrick
26.3%

You're not logged in!

Compare scores with friends on all Sporcle quizzes.
OR
Log In

From the Vault

7+ Year-End Billboard Charts

by jmsr525

These artists have some staying power.
Remove Ads.
Support Sporcle.
Get the best of Sporcle when you Go Orange. This ad-free experience offers more features, more stats, and more fun while also helping to support Sporcle. Thank you for becoming a member.

Show Comments

Extras

Top Quizzes Today


Score Distribution

Your Account Isn't Verified!

In order to create a playlist on Sporcle, you need to verify the email address you used during registration. Go to your Sporcle Settings to finish the process.

Report this User

Report this user for behavior that violates our Community Guidelines.

Details: